000
00316cam a2200133ua 4500
003
OSt
008
250108b |||||||| |||| 00| 0 eng d
041
_a
eng
082
_a
621.3848
_b
ROY/BA
245
_a
Basic radar, Part 1 /
260
_a
Mumbai :
_b
Asia Publishing House ,
_c
1962.
300
_a
192 ; .
942
_c
BK
999
_c
7180
_d
7180